000 00992cam a22003017a 4500
003 CHAP
005 20220329133905.0
008 971013s1975 r 00010 d
010 _a12329
011 _a13301
035 _a17372
040 _cCHAP
090 _aFolleto 7770
100 0 0 _aGifford, Roger M.
_947914
245 0 _aEnergetics of agriculture and food production with special emphasis on the australian situation
260 _aMelbourne :
_bCommonwealth Scientific and Industrial Research Organization,
_c1975
300 _a29 p.
490 0 _aCSIRO. Bulletin
_v; 288
590 _aBATCH-UPD
_b10
_c20130110
_lUCH01
_h1612
590 _aBATCH-UPD
_b10
_c20130410
_lUCH01
_h1007
590 _aBATCH-UPD
_b10
_c20130914
_lUCH01
_h1312
590 _aCONVERSION
_b10
_c20130109
_lUCH01
_h1308
650 1 4 _aEnergĂ­a y agricultura.
_936915
830 0 _aCSIRO. Bulletin
_v; 288
_929687
901 _aBK
942 _cFOLL
949 _aFolleto 7770
_bBC
_cFOLL
_d-41046
_eTS1
_i17372
_mD
_si
999 _c12329
_d12329